A hundred fables of aesop / (Record no. 49524)
| 000 -LEADER | |
|---|---|
| fixed length control field | 00308nam a2200109 4500 |
| 020 ## - INTERNATIONAL STANDARD BOOK NUMBER | |
| International Standard Book Number | 9781774022252 |
| 100 ## - MAIN ENTRY--PERSONAL NAME | |
| Personal name | Billinghurst, Percy |
| 9 (RLIN) | 86668 |
| 245 ## - TITLE STATEMENT | |
| Title | A hundred fables of aesop / |
| Statement of responsibility, etc | Percy J Billinghurst |
| 260 ## - PUBLICATION, DISTRIBUTION, ETC. (IMPRINT) | |
| Place of publication, distribution, etc | China |
| Name of publisher, distributor, etc | Paper Mill Press |
| Date of publication, distribution, etc | 2022 |
| 300 ## - PHYSICAL DESCRIPTION | |
| Extent | 211 p. |
| Other physical details | col. ill. |
| Dimensions | 21 cm. |
| 942 ## - ADDED ENTRY ELEMENTS (KOHA) | |
| Source of classification or shelving scheme | |
| Koha item type | Book |
| Withdrawn status | Lost status | Source of classification or shelving scheme | Damaged status | Not for loan | Home library | Current library | Shelving location | Date acquired | Total Checkouts | Full call number | Barcode | Date last seen | Date checked out | Price effective from | Koha item type |
|---|---|---|---|---|---|---|---|---|---|---|---|---|---|---|---|
| Asian Hope Primary Library | Asian Hope Primary Library | Junior Fiction | 09/05/2025 | 3 | J FIC BIL | 208096 | 03/04/2026 | 02/25/2026 | 09/05/2025 | Book |